000 01306nam a22003017a 4500
005 20240530110403.0
008 150127s2011 ua g b 000 0 ara d
040 _aEG-CaGPL
041 0 _aara
082 0 4 _221
_a346.0173\
_bم ت
100 0 _aمحمد السيد حلاوة
245 1 0 _aتشريعات و منظمات الطفولة :
_bدراسة تحليلية سوسيو قانونية للواقع المصرى /
_cمحمد السيد حلاوة
260 _aالاسكندرية :
_bدار المعرفة الجامعية ،
_c2011
300 _a219 ص ؛
_c24 سم
490 _aسلسلة دراسات و قضايا : الطفولة المبكرة و رياض الاطفال ؛
_v5
504 _aببليوجرافية : ص 204 - 213
610 0 4 _aالمجلس القومى للطفولة و الامومة
610 0 4 _aالمجلس العربى للطفولة و الامومة
610 0 4 _aيونسيف
650 0 4 _aالاطفال
_xحقوق مدنية
650 0 4 _aالاطفال
_xرعاية اجتماعية
650 0 4 _aالاطفال
_xقوانين و تشريعات
650 0 4 _aالمشاكل الاجتماعية
650 0 4 _aالاطفال
_xتشغيل
650 0 4 _aالاطفال
_zمصر
942 _2ddc
_cBK
999 _c60304
_d60304